000 01192nam a22003737a 4500
003 OSt
005 20230816081658.0
008 220929b |||||||| |||| 00| 0 eng d
040 _cBiblioteca Lado V
082 _a700
_bI11i
110 _9935
_aI'aAviB
_eautor
245 _ai apArt/
260 _bI'aAviB
_c1998
300 _a39p.
_c21x30cm
490 _a0
505 _aEditorial
505 _aInformacions de I'AAVIB
505 _aQue es la Unión de Artistas?
505 _aEntrevista a Pep Canyelles
_t
505 _aEl premi punt Vermell
505 _aJoan Trujillo
505 _aPor error al arte
505 _aEntre públic i privat
505 _aLòportunitat de contribuir al debat obert sobre la practica artística
505 _aEl cuerpo, la máscara y la piel
505 _atexts originals
505 _aPoïesis
505 _aRelato corto dels cuadro Crimen abismo azul
650 _2Tesauro de Arte & Arquitectura
_aARTE
650 _2Tesauro de Arte & Arquitectura
_aCULTURA
650 _2Tesauro de Arte & Arquitectura
_aOCUPACIÓN
650 _2Tesauro de Arte & Arquitectura
_aNOTICIAS
942 _2ddc
_c1
_h700
_iI11i
_n0
999 _c4120
_d4120